Animaux en E - Statistiques

Statistiques générales
  • Ce quiz a été pris 120 fois
  • Le résultat moyen est 8 sur 69
Statistiques - réponses
hint answers % Correct
19 Elephant
87%
8 Ecureuil
62%
14 Elan
57%
50 Escargot
49%
38 Epervier
47%
54 Espadon
45%
22 Emeu
43%
7 Ecrevisse
38%
20 Elephante
37%
21 Elephanteau
36%
59 Etourneau
36%
56 Esturgeon
35%
58 Etoile
20%
30 Epagneul
19%
57 Etalon
19%
3 Echasse
16%
32 Epaulard
16%
24 Empereur
14%
60 Etrille
14%
35 Epeire
13%
48 Ermite
13%
36 Eperlan
12%
5 Echidne
11%
13 Eider
11%
1 Ecaille
9%
40 Epinoche
9%
11 Effraie
8%
43 Eponge
8%
25 Engoulevent
6%
12 Eglefin
5%
33 Epeiche
5%
31 Epagneule
4%
15 Elanion
3%
26 Entelle
3%
34 Epeichette
3%
17 Elbot
2%
23 Emou
2%
67 Eveque
2%
69 Eyra
2%
9 Edaphosaure
1%
16 Elasmosaure
1%
41 Epinochette
1%
45 Equille
1%
47 Erismature
1%
52 Escolier
1%
68 Exocet
1%
2 Ecdysozoaire
0%
4 Echenilleur
0%
6 Ecorceur
0%
10 Effarvatte
0%
18 Elenie
0%
27 Entelure
0%
28 Enteropneuste
0%
29 Eohippus
0%
37 Eperonnier
0%
39 Epimaque
0%
42 Epitheque
0%
44 Epyornis
0%
46 Erione
0%
49 Erythrocerque
0%
51 Esclave
0%
53 Espada
0%
55 Estonien
0%
61 Eulophe
0%
62 Eumene
0%
63 Euplecte
0%
64 Euplectelle
0%
65 Europeen
0%
66 Eurylaime
0%
Aucun quiz correspondant
Distribution des résultats
% des personnes avec chaque résultat
Percentile par nombre de réponses
Votre historique - résultats
Vous n’avez pas pris ce quiz